Catalog

Record Details

Catalog Search



Mission unlimited : biblical and doctrinal foundations of support of mission Cover Image Book Book

Mission unlimited : biblical and doctrinal foundations of support of mission

Ashcraft, Morris (Author).

Record details

  • Physical Description: 344 p.
  • Publisher: Nashville Southern Baptist Convention 1976

Available copies

  • 1 of 1 copy available at Common Catalog SPOK.

Holds

  • 0 current holds with 1 total copy.
Show Only Available Copies
Location Call Number / Copy Notes Barcode Shelving Location Status Due Date
ETS Library 266 424470006720 Volný výběr Available -

LDR 00681nam a2 00229
00133680
003CZ-PrJAB
00520040121000000.0
008990505s1976 xxu e |||| |eng
009us
035 . ‡a(CONS)5851
035 . ‡aKPS6476
040 . ‡aABG450
041 . ‡aeng
08214. ‡a266
100 . ‡766 ‡aAshcraft, Morris
245 . ‡aMission unlimited : ‡bbiblical and doctrinal foundations of support of mission
260 . ‡aNashville ‡bSouthern Baptist Convention ‡c1976
300 . ‡a344 p.
653 . ‡aMission unlimited ‡abiblical and doctrinal foundations of support of mission
8524 . ‡bETS ‡bETS ‡cVolný výběr ‡j266 ‡gA ‡p424470006720
910 . ‡aABG450
999 . ‡a5851 ‡bAUTOGEN ‡c5851 ‡tbiblio
905 . ‡uadmin
901 . ‡a33680 ‡b ‡c33680 ‡tbiblio ‡sets

Additional Resources